000 00589nam a2200229 a 4500
001 nice12345678
003 IN_TiNIC
005 20260116014141.0
008 050524s2002 newa grp 000 0 eng
020 _a812501X
_c525
082 0 0 _a324.245408
_bBRA
100 _aBrass, Paul R
245 _aCompeting Nationalisms in South Asia
260 _aNew Delhi
_bOrient Blackswan
_c2002
300 _a297p
500 _aincludes index and biblioraphy
505 2 _aGlossary
650 _aReligious Fundamentalism-Hindu
902 _bSRS
942 _cBK
999 _c14094
_d14094